00632nam a2200205 a 450000100060000000300080000600500170001400800410003102000280007203500190010004000270011904100080014608200220015410000250017624500590020126000490026030000330030950400640034265000200040657602BD-RjUL20211209080532.0161210s2001 enka b 001 0 eng  a0195139046 (alk. paper) a(BD-RjUL)57726 aDLCcDLCdBD-RjULbeng aeng00a300223bTUC 20011 aTurner, Mark,d1954-10aCognitive dimensions of social science /cMark Turner. aNew York :bOxford University Press,cc2001. avi, 183 p. :bill. ;c25 cm. aIncludes bibliographical references (p. 171-177) and index. 0aSocial sciences